01339nrm a2200217 i 4500001001900000005001700019008004100036024002200077040002100099100002900120245003800149260001500187300001000202500002400212500002200236500002700258520060900285653008800894655001800982856012101000BR317100000119005820260420112152.0260420t20152012gw | || gnzxx|| 2EANc859022810835 aABG508bczeerda1 aRejchtman, Grzegorz4aut10aUbongo! LinescGrzegorz Rejchtman bAlbic2025 a1 hra aPro 1 - 4 hráče aVhodné od 8 let aDoba trvání: 25min aRodinná hra Ubongo v nové variantě s obdélníkovými trojrozměrnými dílky, 324 zadáními a čtyřmi stupni obtížnosti. Světový bestseller v další variantě! Obdélníkové trojrozměrné dílky nabízí nový herní zážitek. Každý hráč má svoji barevnou sadu dílků, se kterými sestavuje tvar vyobrazený na kartě a za odměnu získává diamanty. Ubongo Lines! obsahuje 324 zadání se 4 úrovněmi obtížnosti, má velmi jednoduchá pravidla (která se naučíte za 3 minuty) a rozvíjí prostorovou představivost. aspolečenské hryalogické hryarodinné hryamyšleníapostřehaod 7 let 4adeskové hry 3Pravidla hryuhttps://www.knihovna.roztoky.cz/cgi-bin/koha/opac-retrieve-file.pl?id=b0e8f3363f63b935cae505cac40f2a53